Dějiny fiskálního úřadu v zemích českých : s přehledem vývoje tohoto úřadu v jiných zemích evropských, zejm. německo-rakouských : všeobecný úvod (přehled vývoje v jiných zemích). Díl I, Fiskální úřad království českého. Oddělení I, Doba státu stavovského (až do roku 1620) /

Hlavní autor: Demel, Jaroslav, 1869-1926
Jazyk: Němčina
Latina
Čeština
Vydáno: V Praze : J. Demel, 1904
Fyzický popis: lxix, 262 s. ; 24 cm
Language note: Část. německý a latinský text
Knihy
Uloženo v:
LEADER 01404nam a22003012a 4500
001 001409363
003 CZ BrMZK
005 20141105184149.0
007 ta
008 140805s1904 xr er|||||||||||cze d
015 |a cnb000566367 
035 |a (OCoLC)85475120 
040 |a ABA001  |b cze  |c HKA001  |d ABA001 
041 0 |a cze  |a ger  |a lat 
100 1 |a Demel, Jaroslav,  |d 1869-1926  |7 jk01022194  |4 aut 
245 1 0 |a Dějiny fiskálního úřadu v zemích českých :  |b s přehledem vývoje tohoto úřadu v jiných zemích evropských, zejm. německo-rakouských : všeobecný úvod (přehled vývoje v jiných zemích).  |n Díl I,  |p Fiskální úřad království českého.  |n Oddělení I,  |p Doba státu stavovského (až do roku 1620) /  |c historicko-právní studie, kterou na základě pramenů archiválních sepsal Jaroslav Demel 
246 3 0 |a Fiskální úřad království českého 
246 3 0 |a Doba státu stavovského (až do roku 1620) 
260 |a V Praze :  |b J. Demel,  |c 1904 
300 |a lxix, 262 s. ;  |c 24 cm 
500 |a Na obálce rok vyd. 1905 
546 |a Část. německý a latinský text 
910 |a BOA001  |b 2-0030.090,1/1 
990 |a BK 
993 |a Y 
991 |b 201407 
996 6 |b 2619022979  |c 2-0030.090,1/1  |l MZK  |r Sklad / do 24 hodin  |n 1  |w 001444569  |u 000020  |a 1  |e BOA001  |j MZK50  |s P 
996 6 |b 2619022981  |c 2-0030.090,1/1  |l MZK  |r Sklad / do 24 hodin  |n 2  |w 001444569  |u 000010  |a 1  |e BOA001  |j MZK50  |s P